| 000 | 00526nam a2200169 i 4500 | ||
|---|---|---|---|
| 001 | 35299 | ||
| 003 | ES-MaACL | ||
| 005 | 20230906155111.0 | ||
| 007 | t| | ||
| 008 | 030212s1911 ck ||||1| spa d | ||
| 100 | 1 |
_aBotero Saldarriaga, Roberto. _930766 |
|
| 245 | 1 | 0 |
_aSangre conquistadora / _cpor Roberto Botero Saldarriaga, Zoilo Expedito. |
| 260 |
_a[S.l. : _bs.n., _c1911] ( _eMedellín (Colombia) : _fBotero Soto y Cª) |
||
| 300 |
_a121 p. ; _c17 cm. |
||
| 700 | 1 |
_aExpedito, Zoilo. _948428 |
|
| 852 |
_aES-MaACL _jD-2426 |
||
| 999 |
_c35299 _d35299 |
||